• 首页
  • 本馆介绍
  • 公告通知
  • 最新文献
  • 馆藏检索
  • 电子资源
  • 读者导购
  • 参考咨询
  • 我的图书馆
  • 登录
  • 详细信息显示
  • 放入我的书架
  • 预约/预借图书
  • 作者相关作品
  • 分类相关作品
  • 丛书相关作品
  • 出版社相关作品

书目信息

  • 表格格式
  • 工作单格式
  • 卡片格式
题名:
数字相机与数字摄影技术
    
 
作者: 艾瑞克森 , Erickson , 罗马诺 , Romano 著 ;承健 译
分册:  
出版信息: 北京   电子工业出版社  1999
页数: 192页
开本: 24cm
丛书名:
单 册:
中图分类: TB852.1 , TB879
科图分类:
主题词: 数字照相机--基本知识 , 数字照相机 , 摄影技术
电子资源:
ISBN: 7-5053-5671-2
000 00986nam0 2200313 450
001 1531831169
005 20150130085100.67
010    @a7-5053-5671-2@dCNY21.00
100    @a20000129d1999 em y0chiy0110 ea
101 1  @achi@ceng
102    @aCN@b110000
105    @ay z 000yy
200 1  @a数字相机与数字摄影技术@9shu zi xiang ji yu shu zi she ying ji shu@f(美)[B.艾瑞克森]Bill Erickson,(美)[F.罗马诺]Frank Romano著@g承健等译
210    @a北京@c电子工业出版社@d1999
215    @a192页@d24cm
300    @a由美国Prentice Hall公司授权出版
510 1  @aProfessional digital photography@zeng
606 0  @a数字照相机@x基本知识
606 0  @a数字照相机
606 0  @a摄影技术
690    @aTB852.1@v5
690    @aTB879@v4
701  1 @a艾瑞克森@9ai rui ke sen@bB.@4著
701  1 @aErickson@bBill@4著
701  1 @a罗马诺@9luo ma nuo@bF.@4著
701  1 @aRomano@bFrank@4著
702  0 @a承健@9cheng jian@4译
801  0 @aCN@bTSSF@c20150130
905    @aZUCC@dTB879@eJY1
    
    数字相机与数字摄影技术/(美)[B.艾瑞克森]Bill Erickson,(美)[F.罗马诺]Frank Romano著/承健等译.-北京:电子工业出版社,1999
    192页;24cm
    由美国Prentice Hall公司授权出版
    
    ISBN 7-5053-5671-2:CNY21.00
    
●
相关链接 在E读中查询图书 在五车中查询图书 在当当中查询图书 在豆瓣中查询图书


正题名:数字相机与数字摄影技术     索取号:TB879/JY1         预约/预借

序号 登录号 条形码 馆藏地/架位号 状态 备注
1 7862645   278626453   学院路分馆/ [索取号:TB879/JY1] 在馆    
2 7862658   278626587   学院路分馆/ [索取号:TB879/JY1] 在馆    
3 7862659   278626596   学院路分馆/ [索取号:TB879/JY1] 在馆    
4 7862660   278626603   学院路分馆/ [索取号:TB879/JY1] 在馆    
唐山师范学院图书馆 欢迎您!
大连网信软件有限公司© 版权所有